| 000 | 00777nam a22002297a 4500 | ||
|---|---|---|---|
| 999 |
_c17822 _d17822 |
||
| 003 | AR-CdUCM | ||
| 008 | 190509b ||||| |||| 00| 0 spa d | ||
| 040 |
_aMUNICIPALIDAD PROVINCIAL DEL CUSCO _cBIBLIOTECA MUNICIPAL DEL CUSCO |
||
| 041 | _hfre | ||
| 082 |
_a848.57 / _bV85 |
||
| 100 |
_aVoltaire _913558 |
||
| 245 | _aCritica religiosa / | ||
| 260 |
_aMéxico, D.F. : _bGrijalbo, _c1971. |
||
| 300 |
_a158 páginas ; _c19 cm. |
||
| 440 |
_aColección 70 ; _n103 _938003 |
||
| 505 | _aContenido: Ideas de la Mothe le Vayer 1762 -- Sentimientos del cura Meslier 1762 -- La balanza en el fiel 1762... | ||
| 650 |
_aLiteratura francesa _9913 |
||
| 650 |
_aSiglo XVIII. _9837 |
||
| 700 |
_aSeguí, Pedro (traductor) _938004 |
||
| 942 |
_2ddc _cLIBROS |
||
| 945 |
_aacv _d2019-05-09 |
||